00298nam a2200121Ia 45000030006000000080041000060400015000471000018000622450051000802600016001315460012001470050017001590STCL150530s9999 xx 000 0 und d aSTCLcSTCL aGrover Satish aarchitecture of India: Islamic (727 - 1707 AD) bVikasc1981 aEnglish20220125171406.0